[Event "SC-2012-0-00157"]
[Site "LSS email"]
[Date "2012.09.26"]
[Round "?"]
[White "Korinek, Jaroslav"]
[Black "Draba, Henryk"]
[Result "1/2-1/2"]
[WhiteElo "1792"]
[BlackElo "1623"]
[PlyCount "96"]
[EventDate "2012.08.16"]
[EventType "tourn (corr)"]
[EventRounds "6"]
[EventCountry "GER"]
[SourceTitle "Telechess CBM 159"]
[Source "ChessBase"]
[SourceDate "2014.03.17"]
[SourceVersion "1"]
[SourceVersionDate "2014.03.17"]
[SourceQuality "1"]

1. e4 e5 2. f4 exf4 3. Nf3 g5 4. Nc3 Nc6 5. h3 Bg7 6. d4 d6 7. g3 g4 8. hxg4 Bxg4 9. Bb5 fxg3 10. Rg1 Bxf3 11. Qxf3 Bxd4 12. Rxg3 Qf6 13. Nd5 Qxf3 14. Rxf3 Rc8 15. c3 Bg7 16. Be3 Kf8 17. Bxc6 bxc6 18. Nb4 c5 19. Nd5 c6 20. Nf4 Nf6 21. 0-0-0 Ke7 22. e5 dxe5 23. Bxc5+ Ke8 24. Re1 Nd7 25. Bxa7 Ra8 26. Bf2 Rxa2 27. Kb1 Ra5 28. Nh5 Bh6 29. Bh4 Rg8 30. Nf6+ Nxf6 31. Bxf6 Rg6 32. b4 Rb5 33. Rd1 Rd5 34. Rxd5 cxd5 35. Bxe5 Ke7 36. Kc2 Ke6 37. Bd4 Bg7 38. Rh3 Bxd4 39. cxd4 h6 40. b5 f5 41. Kd3 f4 42. Ke2 Rg3 43. Rxh6+ Kf5 44. Kd2 Rb3 45. b6 Ke4 46. Kc2 Rb5 47. Kc3 f3 48. Rf6 Rb1 1/2-1/2